Countries With 'D' Quiz Stats

 Plays Quiz Updated Jul 2, 2018

Also try: Countries With 'C'
Challenge
Share
Tweet
Embed
Score 0/50 Timer 06:00
17 Plays Today
% Correct
Denmark
94.3%
United Kingdom
83.2%
Finland
83%
Canada
82.8%
United States
81.6%
Iceland
80.6%
India
80.6%
Ireland
79.5%
Sweden
79.4%
New Zealand
76.1%
Dominica
75%
Dominican Republic
74%
Poland
73.7%
Indonesia
72%
Switzerland
71.7%
Djibouti
71.4%
Democratic Republic of the Congo
70.3%
Andorra
69.7%
Netherlands
69.6%
Thailand
67.2%
Sudan
66.4%
United Arab Emirates
66%
Chad
65.8%
Saudi Arabia
63.3%
Madagascar
63.1%
% Correct
South Sudan
61.2%
Trinidad and Tobago
59.1%
Honduras
59%
Cambodia
58.6%
Ecuador
58.1%
Jordan
56.9%
Uganda
53.1%
Antigua and Barbuda
52.4%
Barbados
52.4%
Rwanda
52.4%
Macedonia
51.9%
Bangladesh
51.6%
Saint Vincent and the Grenadines
50.4%
El Salvador
50.3%
Moldova
50.3%
Marshall Islands
47.8%
Grenada
47.2%
Burundi
46.2%
Solomon Islands
45.1%
Maldives
44.9%
Côte d'Ivoire
40.7%
Cabo Verde
38.9%
Saint Kitts and Nevis
36.9%
Bosnia and Herzegovina
34.2%
São Tomé and Príncipe
27.7%

You're not logged in!

Compare scores with friends on all Sporcle quizzes.
OR
Log In

You Might Also Like...

Show Comments

Extras

Top Quizzes Today


Score Distribution

Your Account Isn't Verified!

In order to create a playlist on Sporcle, you need to verify the email address you used during registration. Go to your Sporcle Settings to finish the process.

Report this User

Report this user for behavior that violates our Community Guidelines.

Details: